00414nam a2200145Ia 450000500170000000800410001702000230005804000140008108200160009510000150011124500420012626000450016830000420021352100130025520231010121853.0220623s9999 xx 000 0 und d a9781920444495qpbk ardac3228 aZUL JF MASU aMASUBELE,R 0aUmvubu wawathola kanjani amandla akhe aCenturion:bQualibooks publishing;c2011 a24 pagesbcolour illustrationsc21 cm aChildren